header

Working virtue (Record no. 22250)

MARC details
000 -LEADER
fixed length control field 02283nam a2200385 a 4500
082 04 - DEWEY DECIMAL CLASSIFICATION NUMBER
Classification number 179/.9
245 00 - TITLE STATEMENT
Title Working virtue
260 ## - PUBLICATION, DISTRIBUTION, ETC. (IMPRINT)
Place of publication Oxford :
Name of publisher Clarendon Press ;
Place of publication New York :
Name of publisher Oxford University Press,
Year of publication 2007.
300 ## - PHYSICAL DESCRIPTION
Number of Pages ix, 319 p.
505 0# - FORMATTED CONTENTS NOTE
Formatted contents note Introduction / Rebecca L. Walker and Philip J. Ivanhoe -- Caring as relation and virtue in teaching / Nel Noddings -- Professing medicine, virtue based ethics, and the retrieval of professionalism / Edmund D. Pellegrino -- Doctoring and self-forgiveness / Jeffrey Blustein -- Virtue ethics as professional ethics: the case of psychiatry / Jennifer Radden -- Trust, suffering, and the Aesculapian virtues / Annette C. Baier -- Environmental virtue ethics / Rosalind Hursthouse -- The good life for non-human animas: what virtue requires of humans / Rebecca L. Walker -- Law, morality, and virtue / Peter Koller -- Virtue ethics, role ethics, and business ethics / Christine Swanton -- Racial virtues / Lawrence Blum -- Virtue and a warrior's anger / Nancy Sherman -- Famine, affluence, and virtue / Michael Slote -- Filial piety as a virtue / Philip J. Ivanhoe.
650 #0 - SUBJECT ADDED ENTRY--TOPICAL TERM
Topical Term Virtue.
Topical Term Ethics.
Topical Term Moral conditions.
700 1# - ADDED ENTRY--PERSONAL NAME
Personal name Walker, Rebecca L.
Personal name Ivanhoe, P. J.
856 40 - ELECTRONIC LOCATION AND ACCESS
Uniform Resource Identifier http://site.ebrary.com/lib/rucke/Doc?id=10271554

No items available.

© 2026 Rongo University
Contact us: librarian | system librarian | Rongo university